| 000 | 00621na a2200229 4500 | ||
|---|---|---|---|
| 001 | 15868 | ||
| 003 | MIRAKIL | ||
| 005 | 20181213154825.0 | ||
| 008 | 161009b tu 000 0 | ||
| 035 | _a15868 | ||
| 040 |
_aMilas _btur _cTR-AnCHP |
||
| 041 | _atur | ||
| 082 |
_a335.5 _bÖ41d 1976 |
||
| 090 | _a335.5 Ö41d 1976 | ||
| 100 |
_aÖlçen, Ali Nejat _d1922- |
||
| 245 |
_aDemokratik sosyalizme giriş _cAli Nejat Ölçen |
||
| 260 |
_aAnkara _b[yayl.y.] _c1976 _fAyyıldız Matbaası |
||
| 300 |
_a232 s. _c19 sm. |
||
| 650 |
_aDemokratik sol _xEkonomi |
||
| 650 | _aDemokratik sosyalizm | ||
| 942 |
_2ddc _cBKS |
||
| 999 |
_c1528 _d1528 |
||